NUT - an object-oriented language ; Enn H. Tyugu, Michail B. Mackin, Jaan E. Penjam, Peep V. Eomojs

Podrobná bibliografia
Hlavní autori: Tyugu, Enn H. (Autor), Mackin, Michail B. (Autor), Penjam, Jaan E. (Autor), Eomojs, Peep V. (Autor)
Médium: Článok
Jazyk:angličtina
PhysicalDescription:Obr. 2. Tb. 1. Res. angl., rus., lit. 3 zázn. v angl.
Predmet:

MARC

LEADER 00000nab a2200000 a 4500
001 vtls000421871
003 SK-MaSNL
005 20260318122607.0
008 230217c1986 xo 0 eng
015 |a SNBRB19rr/mm-uuuuu 
035 |a CL0421999 
035 |a urn:nbn:sk:snk-ab1q3c 
035 |a (urnnbn)urn:nbn:sk:snk:ar-004xy0 
035 |a (uuid)06685667-2093-4cf3-bfbb-96b7221a3471 
040 |a SNKBUCL  |b slo  |c SNKBUCL  |e AACR2 
041 0 |a eng 
044 |a xo  |c SK 
080 |a 519.682  |2 1981 
245 0 0 |a NUT - an object-oriented language ; Enn H. Tyugu, Michail B. Mackin, Jaan E. Penjam, Peep V. Eomojs 
300 |b Obr. 2. Tb. 1. Res. angl., rus., lit. 3 zázn. v angl. 
650 0 7 |a programovacie jazyky  |2 snkbucl  |9 1838 
650 0 7 |a NUT (jazyk programovací)  |2 snkbucl  |9 1542026 
655 7 |a články z novín a časopisov  |2 snkbucl  |9 267496 
700 1 |a Tyugu, Enn H.  |4 aut  |9 1155018 
700 1 |a Mackin, Michail B.  |4 aut  |9 1542027 
700 1 |a Penjam, Jaan E.  |4 aut  |9 1542028 
700 1 |a Eomojs, Peep V.  |4 aut  |9 1542029 
773 0 |t Computers and artificial intelligence  |g Roč. 5, č. 6 (1986), s. 521-542 
850 |a Slovenská národná knižnica v Martine  |a MTA001 
852 |a SNK  |b KIS3GCP 
958 |a RK 
958 |a OND 
958 |a EUIPO 
958 |a article27 
992 |a RBX 
999 |c 3127065  |d 3128995